000 00469nam a2200157 i 4500
001 66313
003 ES-MaACL
005 20230906165609.0
007 t|
008 040203s1970 sp ||||1| spa d
100 1 _aGali Forés, Oriol.
_953396
245 1 3 _aEL turbulento siglo XX
_b: la historia en imágenes de una era fabulosa /
_cOriol Gali Fores.
260 _aBarcelona :
_bMarin,
_c[1970]
300 _a2 v. ;
_c30 cm.
852 _aES-MaACL
_jC-37446-47
_bR.75660
999 _c66313
_d66313